<?xml version="1.0" encoding="UTF-8"?>
<record
    xmlns:xsi="http://www.w3.org/2001/XMLSchema-instance"
    xsi:schemaLocation="http://www.loc.gov/MARC21/slim http://www.loc.gov/standards/marcxml/schema/MARC21slim.xsd"
    xmlns="http://www.loc.gov/MARC21/slim">

  <leader>01648nam a22003257a 4500</leader>
  <controlfield tag="003">EG-ScBUE</controlfield>
  <controlfield tag="005">20220208100357.0</controlfield>
  <controlfield tag="008">220208s2022    ua k   f      000 0 ara d</controlfield>
  <datafield tag="017" ind1=" " ind2=" ">
    <subfield code="a">5137</subfield>
  </datafield>
  <datafield tag="020" ind1=" " ind2=" ">
    <subfield code="a">9789773585006</subfield>
  </datafield>
  <datafield tag="040" ind1=" " ind2=" ">
    <subfield code="a">EG-ScBUE</subfield>
    <subfield code="b">ara</subfield>
    <subfield code="e">rda</subfield>
    <subfield code="c">EG-ScBUE</subfield>
    <subfield code="d">EG-ScBUE</subfield>
  </datafield>
  <datafield tag="082" ind1="0" ind2="4">
    <subfield code="2">22</subfield>
    <subfield code="a">025.02</subfield>
    <subfield code="b">&#x62F; &#x64A; &#x627;</subfield>
  </datafield>
  <datafield tag="100" ind1="1" ind2=" ">
    <subfield code="a">&#x62F;&#x64A;&#x627;&#x628;&#x60C; &#x633;&#x627;&#x645;&#x62D; &#x62D;&#x627;&#x645;&#x62F; &#x627;&#x644;&#x634;&#x627;&#x641;&#x639;&#x64A;&#x60C;</subfield>
    <subfield code="e">&#x645;&#x624;&#x644;&#x641;.</subfield>
  </datafield>
  <datafield tag="245" ind1="1" ind2="0">
    <subfield code="a">&#x628;&#x64A;&#x627;&#x646;&#x627;&#x62A; &#x627;&#x644;&#x62A;&#x635;&#x646;&#x64A;&#x641; &#x641;&#x64A; &#x641;&#x647;&#x627;&#x631;&#x633; &#x627;&#x644;&#x645;&#x643;&#x62A;&#x628;&#x627;&#x62A; &#x627;&#x644;&#x645;&#x62A;&#x627;&#x62D;&#x629; &#x639;&#x644;&#x649; &#x627;&#x644;&#x62E;&#x637; &#x627;&#x644;&#x645;&#x628;&#x627;&#x634;&#x631; :</subfield>
    <subfield code="b">&#x62F;&#x631;&#x627;&#x633;&#x629; &#x641;&#x64A; &#x636;&#x648;&#x621; &#x627;&#x644;&#x634;&#x643;&#x644; &#x627;&#x644;&#x627;&#x62A;&#x635;&#x627;&#x644;&#x64A; &#x627;&#x644;&#x645;&#x639;&#x64A;&#x627;&#x631;&#x64A; Marc 21 /</subfield>
    <subfield code="c">&#x62A;&#x623;&#x644;&#x64A;&#x641; &#x633;&#x627;&#x645;&#x62D; &#x62D;&#x627;&#x645;&#x62F; &#x627;&#x644;&#x634;&#x627;&#x641;&#x639;&#x64A; &#x62F;&#x64A;&#x627;&#x628;&#x60C; &#x623;&#x62E;&#x635;&#x627;&#x626;&#x64A; &#x627;&#x644;&#x645;&#x643;&#x62A;&#x628;&#x627;&#x62A; &#x648;&#x627;&#x644;&#x645;&#x639;&#x644;&#x648;&#x645;&#x627;&#x62A; &#x628;&#x645;&#x643;&#x62A;&#x628;&#x629; &#x627;&#x644;&#x62C;&#x627;&#x645;&#x639;&#x629; &#x627;&#x644;&#x628;&#x631;&#x64A;&#x637;&#x627;&#x646;&#x64A;&#x629; &#x61B; &#x62A;&#x642;&#x62F;&#x64A;&#x645; &#x623;. &#x62F;. &#x645;&#x635;&#x637;&#x641;&#x649; &#x623;&#x645;&#x64A;&#x646; &#x62D;&#x633;&#x627;&#x645; &#x627;&#x644;&#x62F;&#x64A;&#x646;&#x60C; &#x623;&#x633;&#x62A;&#x627;&#x630; &#x639;&#x644;&#x645; &#x627;&#x644;&#x645;&#x643;&#x62A;&#x628;&#x627;&#x62A; &#x648;&#x627;&#x644;&#x645;&#x639;&#x644;&#x648;&#x645;&#x627;&#x62A; &#x628;&#x62C;&#x627;&#x645;&#x639;&#x629; &#x627;&#x644;&#x642;&#x627;&#x647;&#x631;&#x629;.</subfield>
  </datafield>
  <datafield tag="250" ind1=" " ind2=" ">
    <subfield code="a">&#x627;&#x644;&#x637;&#x628;&#x639;&#x629; &#x627;&#x644;&#x623;&#x648;&#x644;&#x649;.</subfield>
  </datafield>
  <datafield tag="264" ind1=" " ind2="1">
    <subfield code="a">&#x627;&#x644;&#x642;&#x627;&#x647;&#x631;&#x629; :</subfield>
    <subfield code="b">&#x62F;&#x627;&#x631; &#x627;&#x644;&#x641;&#x62C;&#x631; &#x644;&#x644;&#x646;&#x634;&#x631; &#x648;&#x627;&#x644;&#x62A;&#x648;&#x632;&#x64A;&#x639;&#x60C;</subfield>
    <subfield code="c">2022.</subfield>
  </datafield>
  <datafield tag="300" ind1=" " ind2=" ">
    <subfield code="a">356 &#x635;&#x641;&#x62D;&#x629; :</subfield>
    <subfield code="b">&#x623;&#x634;&#x643;&#x627;&#x644; &#x61B;</subfield>
    <subfield code="c">24 &#x633;&#x645;</subfield>
  </datafield>
  <datafield tag="336" ind1=" " ind2=" ">
    <subfield code="2">rdacontent</subfield>
    <subfield code="a">&#x646;&#x635;</subfield>
    <subfield code="b">txt</subfield>
  </datafield>
  <datafield tag="337" ind1=" " ind2=" ">
    <subfield code="2">rdamedia</subfield>
    <subfield code="a">&#x628;&#x62F;&#x648;&#x646; &#x648;&#x633;&#x64A;&#x637;</subfield>
    <subfield code="b">n</subfield>
  </datafield>
  <datafield tag="338" ind1=" " ind2=" ">
    <subfield code="2">rdacarrier</subfield>
    <subfield code="a">&#x645;&#x62C;&#x644;&#x62F;</subfield>
    <subfield code="b">nc</subfield>
  </datafield>
  <datafield tag="541" ind1=" " ind2=" ">
    <subfield code="a">Book Fair 2022.</subfield>
  </datafield>
  <datafield tag="650" ind1=" " ind2="7">
    <subfield code="a">&#x202A;&#x646;&#x638;&#x645; &#x627;&#x644;&#x62A;&#x635;&#x646;&#x64A;&#x641; &#x627;&#x644;&#x645;&#x643;&#x62A;&#x628;&#x64A;&#x629;.</subfield>
    <subfield code="2">BUEsh</subfield>
  </datafield>
  <datafield tag="650" ind1=" " ind2="7">
    <subfield code="a">&#x202A;&#x627;&#x644;&#x641;&#x647;&#x631;&#x633;&#x629; &#x627;&#x644;&#x645;&#x648;&#x636;&#x648;&#x639;&#x64A;&#x629;.</subfield>
    <subfield code="2">BUEsh</subfield>
  </datafield>
  <datafield tag="650" ind1=" " ind2="7">
    <subfield code="a">&#x202A;&#x627;&#x644;&#x641;&#x647;&#x631;&#x633;&#x629; &#x627;&#x644;&#x648;&#x635;&#x641;&#x64A;&#x629;.</subfield>
    <subfield code="2">BUEsh</subfield>
  </datafield>
  <datafield tag="650" ind1=" " ind2="7">
    <subfield code="a">&#x202A;&#x627;&#x644;&#x625;&#x62C;&#x631;&#x627;&#x621;&#x627;&#x62A; &#x627;&#x644;&#x641;&#x646;&#x64A;&#x629; (&#x645;&#x643;&#x62A;&#x628;&#x627;&#x62A;).</subfield>
    <subfield code="2">BUEsh</subfield>
  </datafield>
  <datafield tag="653" ind1=" " ind2=" ">
    <subfield code="b">GGEN</subfield>
    <subfield code="c">February2022</subfield>
  </datafield>
  <datafield tag="655" ind1=" " ind2=" ">
    <subfield code="v">Reading book</subfield>
    <subfield code="9">34232</subfield>
  </datafield>
  <datafield tag="700" ind1="1" ind2=" ">
    <subfield code="a">&#x62D;&#x633;&#x627;&#x645; &#x627;&#x644;&#x62F;&#x64A;&#x646;&#x60C; &#x645;&#x635;&#x637;&#x641;&#x649; &#x623;&#x645;&#x64A;&#x646;&#x60C;</subfield>
    <subfield code="e">&#x645;&#x642;&#x62F;&#x645;.</subfield>
  </datafield>
  <datafield tag="942" ind1=" " ind2=" ">
    <subfield code="2">ddc</subfield>
  </datafield>
  <datafield tag="999" ind1=" " ind2=" ">
    <subfield code="c">29770</subfield>
    <subfield code="d">29741</subfield>
  </datafield>
  <datafield tag="952" ind1=" " ind2=" ">
    <subfield code="0">0</subfield>
    <subfield code="1">0</subfield>
    <subfield code="2">ddc</subfield>
    <subfield code="4">0</subfield>
    <subfield code="7">0</subfield>
    <subfield code="a">MAIN</subfield>
    <subfield code="b">MAIN</subfield>
    <subfield code="c">LOW</subfield>
    <subfield code="d">2022-02-08</subfield>
    <subfield code="e">Purchase</subfield>
    <subfield code="g">160.00</subfield>
    <subfield code="o">025.02 &#x62F; &#x64A; &#x627;</subfield>
    <subfield code="p">000056130</subfield>
    <subfield code="r">2025-07-15 00:00:00</subfield>
    <subfield code="v">200.00</subfield>
    <subfield code="y">NB</subfield>
  </datafield>
  <datafield tag="952" ind1=" " ind2=" ">
    <subfield code="0">0</subfield>
    <subfield code="1">0</subfield>
    <subfield code="2">ddc</subfield>
    <subfield code="4">0</subfield>
    <subfield code="7">0</subfield>
    <subfield code="a">MAIN</subfield>
    <subfield code="b">MAIN</subfield>
    <subfield code="c">LOW</subfield>
    <subfield code="d">2022-02-08</subfield>
    <subfield code="e">Purchase</subfield>
    <subfield code="g">160.00</subfield>
    <subfield code="o">025.02 &#x62F; &#x64A; &#x627;</subfield>
    <subfield code="p">000056131</subfield>
    <subfield code="r">2025-07-15 00:00:00</subfield>
    <subfield code="v">200.00</subfield>
    <subfield code="y">BB</subfield>
  </datafield>
  <datafield tag="952" ind1=" " ind2=" ">
    <subfield code="0">0</subfield>
    <subfield code="1">0</subfield>
    <subfield code="2">ddc</subfield>
    <subfield code="4">0</subfield>
    <subfield code="7">0</subfield>
    <subfield code="8">Donation-G</subfield>
    <subfield code="a">MAIN</subfield>
    <subfield code="b">MAIN</subfield>
    <subfield code="c">LOW</subfield>
    <subfield code="d">2022-04-19</subfield>
    <subfield code="e">Donation</subfield>
    <subfield code="o">025.02 &#x62F; &#x64A; &#x627;</subfield>
    <subfield code="p">000056264</subfield>
    <subfield code="r">2025-07-15 00:00:00</subfield>
    <subfield code="y">BB</subfield>
  </datafield>
</record>
